[Event "1st FIDE Olympiad DIS 2023"]
[Site "Belgrade"]
[Date "2023.02.04"]
[Round "6.25"]
[White "Ibraimov, Kubanychbek"]
[Black "Miheso, Clement Chomu"]
[Result "0-1"]
[WhiteElo "1316"]
[BlackElo "1615"]
[Annotator "NA RC COMBH"]
[PlyCount "58"]
[EventDate "2023.01.30"]
[EventType "team-tourn"]
[EventCountry "SRB"]
[SourceTitle "playchess.com"]
[Source "ChessBase"]
[SourceQuality "1"]
[WhiteTeam "Kyrgyzstan"]
[BlackTeam "Kenya"]
[WhiteTeamCountry "KGZ"]
[BlackTeamCountry "KEN"]

1. e4 e5 2. Nf3 Nc6 3. Bb5 d6 4. d4 exd4 5. Nxd4 Bd7 6. Be3 Nf6 7. Nc3 Be7 8. O-O O-O 9. f3 a6 10. Bc4 Ne5 11. Bb3 c5 12. Nf5 Bxf5 13. exf5 c4 14. Ba4 b5 15. Bxb5 axb5 16. Nxb5 Qd7 17. Nd4 Rfb8 18. b3 Nd5 19. Bf2 Nc3 20. Qd2 Nb5 21. Rfe1 Bf6 22. a4 Nxd4 23. Bxd4 cxb3 24. cxb3 Qxf5 25. Rab1 Nd3 26. Bxf6 Nxe1 27. Rxe1 Qxf6 28. Qd5 Qc3 29. Re7 Qc5+ 0-1

[Event "1st FIDE Olympiad DIS 2023"]
[Site "Belgrade"]
[Date "2023.02.04"]
[Round "6.26"]
[White "Sadam Ali Sheikh"]
[Black "Arstanbekov, Dzhanysh"]
[Result "0-1"]
[WhiteElo "1578"]
[BlackElo "1621"]
[Annotator "NA COMBH"]
[PlyCount "120"]
[EventDate "2023.01.30"]
[EventType "team-tourn"]
[EventCountry "SRB"]
[SourceTitle "playchess.com"]
[Source "ChessBase"]
[SourceQuality "1"]
[WhiteTeam "Kenya"]
[BlackTeam "Kyrgyzstan"]
[WhiteTeamCountry "KEN"]
[BlackTeamCountry "KGZ"]

1. d4 Nf6 2. Nf3 g6 3. Bf4 Bg7 4. Nc3 d6 5. Qd2 h5 6. h3 c6 7. e4 b5 8. a3 a6 9. b4 Bb7 10. Be2 Qc7 11. e5 dxe5 12. Nxe5 Qd8 13. O-O Nbd7 14. Nd3 O-O 15. Rad1 Nb6 16. Nc5 Bc8 17. a4 Nbd5 18. Nxd5 Nxd5 19. a5 Bf5 20. Be3 Qc7 21. c3 Ra7 22. Bd3 Bxd3 23. Qxd3 Nf6 24. f4 e6 25. Rf3 Rd8 26. Rdf1 Bf8 27. Bf2 Bxc5 28. bxc5 Nd5 29. Ra1 Nxf4 30. Bg3 Nxd3 31. Bxc7 Rxc7 32. Rxd3 e5 33. Rad1 Rcd7 34. Kf2 exd4 35. cxd4 Rd5 36. Ke3 f6 37. R1d2 Kf7 38. Kf3 Re8 39. g4 h4 40. Re3 Red8 41. Red3 R5d7 42. Kf4 g5+ 43. Kf3 Rd5 44. Rd1 Re8 45. Re3 Rxe3+ 46. Kxe3 f5 47. Rf1 f4+ 48. Ke4 Kf6 49. Rd1 Rd7 50. Kf3 Ke6 51. Re1+ Kd5 52. Re5+ Kxd4 53. Rxg5 b4 54. Rf5 b3 55. Rxf4+ Kxc5 56. Ke2 Rb7 57. Rf1 b2 58. Kd2 b1=Q 59. Rxb1 Rxb1 60. Ke2 Rb7 0-1

[Event "1st FIDE Olympiad DIS 2023"]
[Site "Belgrade"]
[Date "2023.02.04"]
[Round "6.27"]
[White "Rakhatbekov, Tilegen"]
[Black "Wambalo Wong"]
[Result "1-0"]
[WhiteElo "1489"]
[BlackElo "1337"]
[Annotator "NA RC COMBH"]
[PlyCount "43"]
[EventDate "2023.01.30"]
[EventType "team-tourn"]
[EventCountry "SRB"]
[SourceTitle "playchess.com"]
[Source "ChessBase"]
[SourceQuality "1"]
[WhiteTeam "Kyrgyzstan"]
[BlackTeam "Kenya"]
[WhiteTeamCountry "KGZ"]
[BlackTeamCountry "KEN"]

1. d4 a5 2. e4 e6 3. c4 Bb4+ 4. Bd2 d5 5. Bxb4 axb4 6. Nd2 Nf6 7. e5 Ne4 8. Ngf3 O-O 9. Bd3 Nxd2 10. Qxd2 f6 11. O-O fxe5 12. Nxe5 Qf6 13. Qc2 h5 14. Bh7+ Kh8 15. Ng6+ Kxh7 16. Nxf8+ Kh6 17. Qh7+ Kg5 18. f4+ Kg4 19. h3+ Kg3 20. Rf3+ Kh4 21. g3+ Kxh3 22. Qxh5+ 1-0

[Event "1st FIDE Olympiad DIS 2023"]
[Site "Belgrade"]
[Date "2023.02.04"]
[Round "6.29"]
[White "Nikac, Predrag"]
[Black "Jimenez Moron, Elias"]
[Result "1-0"]
[WhiteElo "2285"]
[BlackElo "1967"]
[Annotator "TA"]
[PlyCount "83"]
[EventDate "2023.01.30"]
[EventType "team-tourn"]
[EventCountry "SRB"]
[SourceTitle "playchess.com"]
[Source "ChessBase"]
[SourceQuality "1"]
[WhiteTeam "Montenegro"]
[BlackTeam "Panama"]
[WhiteTeamCountry "MNE"]
[BlackTeamCountry "PAN"]

1. e4 e5 2. Bc4 Nc6 3. Nf3 h6 4. O-O d6 5. c3 Na5 6. Qa4+ c6 7. Be2 b5 8. Qc2 Be6 9. d4 Bg4 10. Nbd2 Qc7 11. a4 Rb8 12. b4 Nc4 13. Nxc4 bxc4 14. dxe5 dxe5 15. Bxc4 Nf6 16. Nd2 Be7 17. Nb3 g5 18. Be3 Nd7 19. f3 Bh5 20. Qf2 Nb6 21. Be2 Bg6 22. a5 Nc8 23. Nc5 Bxc5 24. Bxc5 Ra8 25. Rfd1 f6 26. Bc4 Bf7 27. Qa2 Rh7 28. Be6 Ne7 29. Rd6 Rd8 30. Rad1 Rxd6 31. Rxd6 Nc8 32. Rd7 Qxd7 33. Bxd7+ Kxd7 34. Qd2+ Kc7 35. Qd3 Be8 36. Qc4 Kd7 37. Qg8 Rf7 38. Qh8 Kd8 39. Qxh6 Kd7 40. Qh3+ Kc7 41. Qe6 Kd8 42. a6 1-0

[Event "1st FIDE Olympiad DIS 2023"]
[Site "Belgrade"]
[Date "2023.02.04"]
[Round "6.30"]
[White "Osorio, Jesus Camilo"]
[Black "Ivanovic, Milan"]
[Result "1/2-1/2"]
[WhiteElo "1859"]
[BlackElo "1908"]
[Annotator "TA"]
[PlyCount "58"]
[EventDate "2023.01.30"]
[EventType "team-tourn"]
[EventCountry "SRB"]
[SourceTitle "playchess.com"]
[Source "ChessBase"]
[SourceQuality "1"]
[WhiteTeam "Panama"]
[BlackTeam "Montenegro"]
[WhiteTeamCountry "PAN"]
[BlackTeamCountry "MNE"]

1. d4 d5 2. Bf4 e6 3. e3 Nf6 4. Nf3 Nbd7 5. Nbd2 Be7 6. h3 O-O 7. Bd3 c5 8. c3 b6 9. O-O Bb7 10. Qc2 c4 11. Be2 b5 12. b4 a5 13. a3 axb4 14. axb4 Qb6 15. Qb2 Rxa1 16. Rxa1 Ra8 17. Rxa8+ Bxa8 18. Qa1 Bb7 19. Ne5 Nxe5 20. Bxe5 Qa6 21. Qxa6 Bxa6 22. Bd1 Nd7 23. Bg3 f6 24. Bc2 g6 25. f3 e5 26. Kf2 Kf7 27. Ke2 Ke6 28. Bf2 Nb8 29. Ke1 Bc8 1/2-1/2

[Event "1st FIDE Olympiad DIS 2023"]
[Site "Belgrade"]
[Date "2023.02.04"]
[Round "6.32"]
[White "Singares, Mario Oscar"]
[Black "Lacmanovic, Radenko"]
[Result "0-1"]
[WhiteElo "1425"]
[BlackElo "1349"]
[Annotator "NA RC COMBH"]
[PlyCount "72"]
[EventDate "2023.01.30"]
[EventType "team-tourn"]
[EventCountry "SRB"]
[SourceTitle "playchess.com"]
[Source "ChessBase"]
[SourceQuality "1"]
[WhiteTeam "Panama"]
[BlackTeam "Montenegro"]
[WhiteTeamCountry "PAN"]
[BlackTeamCountry "MNE"]

1. e4 e5 2. Nf3 Nc6 3. Bb5 Nge7 4. O-O a6 5. Bxc6 Nxc6 6. d4 exd4 7. Bg5 Be7 8. Bxe7 Qxe7 9. Re1 O-O 10. Nxd4 Qf6 11. e5 Nxe5 12. Nc3 c6 13. Qe2 Re8 14. Rad1 d5 15. f4 Qxf4 16. Rf1 Qg5 17. Rde1 Bg4 18. Qf2 f6 19. Nce2 Bxe2 20. Nxe2 Ng4 21. Qg3 Qe3+ 22. Kh1 Qxg3 23. hxg3 Ne3 24. Rf3 Nxc2 25. Ref1 Rxe2 26. g4 Re1 27. Rxe1 Nxe1 28. Re3 Nc2 29. Re6 Rd8 30. Kh2 d4 31. g5 fxg5 32. a4 d3 33. b4 d2 34. b5 axb5 35. a5 d1=Q 36. a6 bxa6 0-1